00829nam a2200205 a 450000100100000000500170001000800410002704000250006808200150009310000370010824501540014526000410029930000210034049000150036170000510037670000450042783000210047295201130049399900170060600003640820200930075721.0120117s1987 cu 000 0 spa d aDO-SdBNPbspacBNPHU axxxxbxxxx1 aPita Rodríguez, Félix94005413aLa pipa de cerezo y otros cuentos /cFélix Pita Rodríguez ; selección, prólogo y notas Aimée González Bolaños y Marisel García Yanes. aLa Habana, :bLetras cubanas,c1987. a251 p. ;c18 cm.1 aGiraldilla1 aGonzález Bolaños, Aimée,epról.9626181 aGarcía Yanes, Marisel,epról.962619 0aGiraldilla98904 001050718MOaGRbGRcHDd2012-01-17iLF1l0oxxxx xxxxp36409-10r2020-06-25w2020-06-25y1ZNo se presta c35899d35899